00574nam a2200169 a 4500008004100000020002200041245014600063260003000209300002900239500002000268504004100288650002800329700002000357003000100377005001700378040000900395  a0761996222 (pbk.)10aLiving with the AIDS virus :bthe epidemic and the response in India /cedited by Samiran Panda, Anindya Chatterjee and Abu S. Abdul-Quader.  aNew Dehli :bSage,c2002. a204 p. :bill. ;c22 cm. aIncludes index. aIncludes bibliographical references. 1aAIDS (Diseases)xIndia. aPanda, Samiran.20230120204033.0 cNUST